🎶 Paroles "Noël ensemble" Ensemble contre le SIDA - Statistiques

Statistiques générales
  • Ce quiz a été pris 23 fois
  • Le résultat moyen est 128 sur 183
Statistiques - réponses
Mots % Correct
n'
100%
Noël
100%
Noël,
100%
(Noël)
100%
(Noël
100%
Noël ...
100%
en
94%
ensemble
94%
Ensemble
94%
ensemble)
94%
Ensemble ...
94%
ensemble...
94%
Passer
94%
à
88%
A
88%
d'
88%
D'
88%
l'
88%
le
88%
nous
82%
se
82%
un
82%
une
82%
De
76%
de
76%
qu'
76%
Qu'
76%
que
76%
qui
76%
Qui
76%
Ce
71%
la
71%
soir
71%
Des
65%
Et
65%
les
65%
du
59%
jour
59%
On
59%
on
59%
quand
59%
Quand
59%
sapin
59%
amour
53%
ciel
53%
est
53%
nos
53%
rendez-
53%
vous
53%
être
47%
nuits
47%
touche
47%
tout
47%
faire
41%
Faire
41%
guirlande
41%
décembre
35%
étoile
35%
lumière
35%
mains
35%
seul
35%
entoure
29%
Oublier
29%
pourquoi
29%
prière
29%
ressemblent
29%
année
24%
Chaque
24%
cherche
24%
court
24%
Dépasser
24%
frontières
24%
pouvoir
24%
querelles
24%
rassemble
24%
sait
24%
silence
24%
tendent
24%
attende
18%
flocons
18%
former
18%
Laisser
18%
magie
18%
mot
18%
regards
18%
rêver
18%
soleil
18%
contre
12%
enfance
12%
étincelle
12%
promettre
12%
Refuser
12%
remplis
12%
Revenir
12%
Aucun quiz correspondant
Distribution des résultats
% des personnes avec chaque résultat
Percentile par nombre de réponses
Votre historique - résultats
Vous n’avez pas pris ce quiz